Relativistic celestial mechanics of the solar system (Record no. 355905)

000 -LEADER
fixed length control field 01358cam a2200385 a 4500
001 - CONTROL NUMBER
control field 10252309
003 - CONTROL NUMBER IDENTIFIER
control field USPCAS-E
005 - DATE AND TIME OF LATEST TRANSACTION
control field 20180118181417.0
006 - FIXED-LENGTH DATA ELEMENTS--ADDITIONAL MATERIAL CHARACTERISTICS
fixed length control field m u
007 - PHYSICAL DESCRIPTION FIXED FIELD--GENERAL INFORMATION
fixed length control field cr cn|||||||||
008 - FIXED-LENGTH DATA ELEMENTS--GENERAL INFORMATION
fixed length control field 120114s2011 gw ad sb 001 0 eng d
020 ## - INTERNATIONAL STANDARD BOOK NUMBER
Canceled/invalid ISBN 9783527408566
020 ## - INTERNATIONAL STANDARD BOOK NUMBER
Canceled/invalid ISBN 9783527634583 (e-book)
035 ## - SYSTEM CONTROL NUMBER
System control number (CaPaEBR)ebr10518765
035 ## - SYSTEM CONTROL NUMBER
System control number (NNC)10252309
040 ## - CATALOGING SOURCE
Original cataloging agency CaPaEBR
Transcribing agency CaPaEBR
050 14 - LIBRARY OF CONGRESS CALL NUMBER
Classification number QB351
Item number .K67 2011eb
082 ## - DEWEY DECIMAL CLASSIFICATION NUMBER
Edition number 23
Classification number 521
Author Mark KOP-P 2011
100 1# - MAIN ENTRY--PERSONAL NAME
Personal name Kopeikin, Sergei.
245 10 - TITLE STATEMENT
Title Relativistic celestial mechanics of the solar system
Medium [electronic resource] /
Statement of responsibility, etc. Sergei Kopeikin, Michael Efroimsky, and George Kaplan.
260 ## - PUBLICATION, DISTRIBUTION, ETC.
Place of publication, distribution, etc. Weinheim [Germany] :
Name of publisher, distributor, etc. Wiley-VCH,
Date of publication, distribution, etc. 2011.
300 ## - PHYSICAL DESCRIPTION
Extent xxxi, 860 p. :
Other physical details ill.
502 ## - DISSERTATION NOTE
Dissertation note .
504 ## - BIBLIOGRAPHY, ETC. NOTE
Bibliography, etc. note Includes bibliographical references and index.
533 ## - REPRODUCTION NOTE
Type of reproduction Electronic reproduction.
Place of reproduction Palo Alto, Calif. :
Agency responsible for reproduction ebrary,
Date of reproduction 2012.
Note about reproduction Available via World Wide Web.
-- Access may be limited to ebrary affiliated libraries.
650 #0 - SUBJECT ADDED ENTRY--TOPICAL TERM
Topical term or geographic name entry element Celestial mechanics.
650 #0 - SUBJECT ADDED ENTRY--TOPICAL TERM
Topical term or geographic name entry element Relativity (Physics)
655 #7 - INDEX TERM--GENRE/FORM
Genre/form data or focus term Electronic books.
Source of term local
700 1# - ADDED ENTRY--PERSONAL NAME
Personal name Efroimsky, Michael.
700 1# - ADDED ENTRY--PERSONAL NAME
Personal name Kaplan, George.
710 2# - ADDED ENTRY--CORPORATE NAME
Corporate name or jurisdiction name as entry element ebrary, Inc.
856 40 - ELECTRONIC LOCATION AND ACCESS
Uniform Resource Identifier <a href="http://www.columbia.edu/cgi-bin/cul/resolve?clio10252309">http://www.columbia.edu/cgi-bin/cul/resolve?clio10252309</a>
Public note Click here for full text.
942 ## - ADDED ENTRY ELEMENTS (KOHA)
Source of classification or shelving scheme
Koha item type Book
Holdings
Withdrawn status Lost status Source of classification or shelving scheme Damaged status Not for loan Collection code Permanent Location Current Location Shelving location Date acquired Source of acquisition Cost, normal purchase price Total Checkouts Full call number Barcode Date last seen Price effective from Koha item type
            US-Pakistan Center for Advanced Studies in Energy (USPCAS-E) US-Pakistan Center for Advanced Studies in Energy (USPCAS-E)   01/04/2016 Golden 18556.00   521 KOP-P 2011 CAS-E0001219 01/04/2016 01/04/2016 Book
© 2023 Central Library, National University of Sciences and Technology. All Rights Reserved.